Bel Ami : photos of Johan /

Saved in:
書目詳細資料
主要作者: Gmünder, Bruno
格式: 圖書
語言:英语
出版: Berlino Editions Euros c1997
叢編:Editions Euros 8
標簽: 添加標簽
沒有標簽, 成為第一個標記此記錄!

MARC

LEADER 00000nam a2200000 4500
001 CDOM0000000547
003 mi
005 20250820163854.0
008 250820b |||||||| |||| 00| 0 eng d
020 |a 3861870908 
040 |c mi 
100 |a Gmünder, Bruno 
245 1 |a Bel Ami :  |b photos of Johan /  |c Bruno Gmünder 
260 |a Berlino  |b Editions Euros  |c c1997 
300 |a [45] p.  |c per la maggior parte foto. (col)  |c 20x16 cm. 
490 |a Editions Euros  |v 8 
942 |2 ddc  |c BK 
952 |0 0  |1 0  |2 ddc  |4 0  |6 B_AFT01GMUGRBEL11  |7 0  |9 4854  |a MI  |b MI  |d 2005-05-24  |i 4891  |l 0  |o B-AFT01-GMUGR-BEL11  |p CDOM4891  |r 2025-07-07 11:14:17  |w 2025-07-07  |x DONO  |y BK 
999 |c 3820  |d 3820